000 00823nam a22002417a 4500
003 OSt
005 20220107122733.0
008 140407b xxu||||| |||| 00| 0 eng d
020 _a9788131770139
040 _cIIITM-K
082 _a004.678 GRA/B;1
100 _aGrayson, Mark
_93675
245 _aBuilding the mobile internet:
_bPervasive, ubiquitous computing technologies and protocols that are shaping the future of our mobile experience
_cby Mark Grayson; Kevin Shatzkamer; Klaas Wierenga
260 _aNew Delhi,
_bPearson,
_c2012.
300 _axix, 254p.
650 _aCOMMUNICATION ENGINEERING
_93676
650 _aWIRELESS TECHNOLOGY
_93677
650 _aMOBILE NETWORKS
_93678
650 _aMOBILE INTERNET
_93679
700 _aShatzkamer, Kevin
_93680
700 _aWierenga, Klaas
_93681
942 _2ddc
_cBK
999 _c3727
_d3727